000 01575nam0a2200349 4500
001 RU\NLR\bibl\81554
005 20250616104323.0
021 _aRU
_b2000-1670
_987
035 _a(NLR Aleph) 000079634
090 _a442833
_c442833
100 _a20000420d1999 |||y0rusy50 ca
101 0 _arus
102 _aRU
105 _ay |||||||||
200 1 _aОсобенности технологии сушки семян и зерна в сушилках разных конструкций
_eЛекция
_e[Для студентов агр., агрохим. и экон. фак., специалистов хоз-в агропром. комплекса]
_fГ.И. Каштанова
_gМ-во сельск. хоз-ва и продовольствия Рос. Федерации, Ом. гос. аграр. ун-т
205 _a2-е изд., стер.
210 _aОмск
_cОмГАУ
_d1999
215 _a27,[1] с.
_d20
320 _aБиблиогр. в конце кн. (7 назв.)
606 0 _aСемена
_jЛекции, доклады и т.п.
_xСушка
_91398421
_3RU\NLR\auth\66588342
606 0 _aЗерносушилки
_91122918
_3RU\NLR\auth\66445211
606 0 _aЗерно
_xСушка
_91120385
_3RU\NLR\auth\66443824
686 _aП082.3я73-2
686 _aЛ821.012
700 1 _aКаштанова
_bГ. И.
_gГалина Ивановна
_4070
801 0 _aRU
_bNLR
_c20000420
_gPSBO
801 1 _aRU
_bNLR
_c20000420
830 _aАвт. по кн.
852 _aNLR
_j2000-4/748
942 _cBOOK
980 _aNB